[Event "DVM U14 2023"]
[Site "Magdeburg GER"]
[Date "2023.12.30"]
[Round "7"]
[White "Klein, Deniz"]
[Black "Zhu, Timo Kaiheng"]
[Result "1-0"]
[Termination "normal"]
[Board "7.3"]
[WhiteElo "1612"]
[BlackElo "1463"]
[WhiteClock "00:19:33"]
[BlackClock "01:14:01"]
[WhiteTeam "SG Kaiserslautern 1905"]
[BlackTeam "SC Viernheim 1934"]
[PlyCount "147"]
[WhiteFideId "34611282"]
[BlackFideId "34655670"]
[EventCountry "GER"]
[EventRounds "7"]
[EventType "team-swiss"]
[EventDate "2023.12.26"]

1. c4 {[%clk 01:30:57]} {[%emt 00:00:02]} c5 {[%clk 01:29:43]} {[%emt
00:01:17]} 2. g3 {[%clk 01:31:18]} {[%emt 00:00:10]} g6 {[%clk 01:27:44]}
{[%emt 00:02:28]} 3. Bg2 {[%clk 01:31:39]} {[%emt 00:00:08]} Nc6 {[%clk
01:27:09]} {[%emt 00:01:04]} 4. Nc3 {[%clk 01:31:42]} {[%emt 00:00:28]} Nf6
{[%clk 01:26:39]} {[%emt 00:01:00]} 5. Nf3 {[%clk 01:31:44]} {[%emt 00:00:27]}
Bg7 {[%emt 00:00:58]} 6. O-O {[%clk 01:31:53]} {[%emt 00:00:01]} O-O {[%clk
01:25:46]} {[%emt 00:01:15]} 7. a3 {[%clk 01:27:48]} {[%emt 00:04:35]} b6
{[%clk 01:20:59]} {[%emt 00:05:18]} 8. Rb1 {[%clk 01:24:47]} {[%emt 00:03:31]}
a5 {[%clk 01:20:12]} {[%emt 00:03:00]} 9. Ne1 {[%clk 01:22:26]} {[%emt
00:01:08]} Bb7 {[%clk 01:19:39]} {[%emt 00:01:01]} 10. Nc2 {[%clk 01:22:23]}
{[%emt 00:00:34]} Rb8 {[%clk 01:18:36]} {[%emt 00:01:33]} 11. b4 {[%clk
01:14:02]} {[%emt 00:08:50]} axb4 {[%clk 01:18:21]} {[%emt 00:00:45]} 12. axb4
{[%clk 01:14:23]} {[%emt 00:00:10]} Ne5 {[%clk 01:16:53]} {[%emt 00:01:58]} 13.
Bxb7 {[%clk 01:02:45]} {[%emt 00:12:08]} Rxb7 {[%clk 01:17:12]} {[%emt
00:00:10]} 14. d3 {[%clk 01:02:05]} {[%emt 00:01:09]} Qb8 {[%clk 01:16:57]}
{[%emt 00:00:45]} 15. Bf4 {[%clk 00:57:49]} {[%emt 00:04:47]} d6 {[%clk
01:17:04]} {[%emt 00:00:22]} 16. Bxe5 {[%clk 00:57:43]} {[%emt 00:00:37]} dxe5
{[%clk 01:17:28]} {[%emt 00:00:05]} 17. Rb3 {[%clk 00:54:30]} {[%emt 00:03:43]}
Rd8 {[%clk 01:15:57]} {[%emt 00:01:57]} 18. Qb1 {[%clk 00:53:00]} {[%emt
00:02:03]} Nd7 {[%clk 01:14:39]} {[%emt 00:01:48]} 19. Nd5 {[%clk 00:51:17]}
{[%emt 00:02:13]} Qd6 {[%clk 01:10:04]} {[%emt 00:05:04]} 20. bxc5 {[%clk
00:43:57]} {[%emt 00:07:51]} Qxc5 {[%clk 01:09:47]} {[%emt 00:00:47]} 21. Rb5
{[%clk 00:39:14]} {[%emt 00:05:13]} Qd6 {[%clk 01:08:53]} {[%emt 00:01:24]} 22.
Qb4 {[%clk 00:34:50]} {[%emt 00:04:55]} Bf8 {[%clk 01:05:45]} {[%emt 00:03:37]}
23. Qxd6 {[%clk 00:33:34]} {[%emt 00:01:45]} exd6 {[%clk 01:05:52]} {[%emt
00:00:23]} 24. Rfb1 {[%clk 00:31:43]} {[%emt 00:02:21]} Rdb8 {[%clk 01:03:19]}
{[%emt 00:03:02]} 25. Ncb4 {[%clk 00:30:54]} {[%emt 00:01:20]} Rc8 {[%clk
01:02:19]} {[%emt 00:01:30]} 26. Na2 {[%clk 00:25:38]} {[%emt 00:05:46]} Rc5
{[%clk 00:59:15]} {[%emt 00:03:34]} 27. Nac3 {[%clk 00:22:53]} {[%emt
00:03:14]} Rxb5 {[%clk 00:55:42]} {[%emt 00:04:04]} 28. Rxb5 {[%clk 00:21:38]}
{[%emt 00:01:45]} f5 {[%clk 00:53:49]} {[%emt 00:02:23]} 29. Na4 {[%clk
00:17:07]} {[%emt 00:05:01]} Kf7 {[%clk 00:53:17]} {[%emt 00:01:02]} 30. Naxb6
{[%clk 00:17:04]} {[%emt 00:00:33]} Nxb6 {[%clk 00:53:39]} {[%emt 00:00:09]}
31. Rxb6 {[%clk 00:15:34]} {[%emt 00:02:00]} Rxb6 {[%clk 00:53:57]} {[%emt
00:00:12]} 32. Nxb6 {[%clk 00:16:01]} {[%emt 00:00:04]} Ke6 {[%clk 00:53:56]}
{[%emt 00:00:30]} 33. e3 {[%clk 00:12:56]} {[%emt 00:03:34]} g5 {[%clk
00:53:46]} {[%emt 00:00:41]} 34. Nd5 {[%clk 00:11:52]} {[%emt 00:01:34]} h5
{[%clk 00:53:15]} {[%emt 00:01:03]} 35. f4 {[%clk 00:10:52]} {[%emt 00:01:28]}
exf4 {[%clk 00:51:40]} {[%emt 00:02:06]} 36. gxf4 {[%clk 00:03:44]} {[%emt
00:07:38]} g4 {[%clk 00:51:55]} {[%emt 00:00:15]} 37. Kg2 {[%clk 00:03:38]}
{[%emt 00:00:37]} h4 {[%clk 00:51:14]} {[%emt 00:01:10]} 38. e4 {[%clk
00:02:43]} {[%emt 00:01:24]} Bh6 {[%clk 00:50:32]} {[%emt 00:01:12]} 39. Ne3
{[%clk 00:01:39]} {[%emt 00:01:34]} fxe4 {[%clk 00:49:58]} {[%emt 00:01:04]}
40. dxe4 {[%clk 00:01:10]} {[%emt 00:01:00]} Bxf4 {[%clk 00:49:46]} {[%emt
00:00:41]} 41. Nxg4 {[%clk 00:01:33]} {[%emt 00:00:06]} Bg5 {[%clk 00:49:37]}
{[%emt 00:00:39]} 42. Kf3 {[%clk 00:01:33]} {[%emt 00:00:31]} Kd7 {[%clk
00:48:08]} {[%emt 00:01:59]} 43. e5 {[%clk 00:29:59]} {[%emt 00:02:04]} dxe5
{[%clk 01:17:03]} {[%emt 00:01:36]} 44. Nxe5+ {[%clk 00:30:24]} {[%emt
00:00:05]} Ke6 {[%clk 01:17:11]} {[%emt 00:00:21]} 45. Kg4 {[%clk 00:27:55]}
{[%emt 00:02:59]} Bf6 {[%clk 01:16:14]} {[%emt 00:01:28]} 46. Nd3 {[%clk
00:25:33]} {[%emt 00:02:51]} Kd6 {[%clk 01:15:55]} {[%emt 00:00:49]} 47. Kf5
{[%clk 00:25:09]} {[%emt 00:00:55]} Bd8 {[%clk 01:15:39]} {[%emt 00:00:46]} 48.
h3 {[%clk 00:24:36]} {[%emt 00:01:02]} Kc6 {[%clk 01:15:24]} {[%emt 00:00:44]}
49. Ke6 {[%clk 00:24:42]} {[%emt 00:00:24]} Bc7 {[%clk 01:13:55]} {[%emt
00:02:00]} 50. Nb4+ {[%clk 00:23:39]} {[%emt 00:01:33]} Kb7 {[%clk 01:13:59]}
{[%emt 00:00:26]} 51. Kd7 {[%clk 00:23:12]} {[%emt 00:00:56]} Bg3 {[%clk
01:14:05]} {[%emt 00:00:25]} 52. c5 {[%clk 00:22:47]} {[%emt 00:00:54]} Bh2
{[%clk 01:12:45]} {[%emt 00:01:51]} 53. c6+ {[%clk 00:22:43]} {[%emt 00:00:34]}
Kb6 {[%clk 01:12:13]} {[%emt 00:01:03]} 54. Nd5+ {[%clk 00:15:45]} {[%emt
00:07:28]} Kc5 {[%clk 01:12:30]} {[%emt 00:00:14]} 55. Ne3 {[%clk 00:15:46]}
{[%emt 00:00:26]} Bg3 {[%clk 01:11:17]} {[%emt 00:01:45]} 56. Nf5 {[%clk
00:15:54]} {[%emt 00:00:21]} Kd5 {[%clk 01:11:11]} {[%emt 00:00:38]} 57. Nxh4
{[%clk 00:16:08]} {[%emt 00:00:15]} Bxh4 {[%clk 01:11:01]} {[%emt 00:00:40]}
58. c7 {[%clk 00:16:31]} {[%emt 00:00:07]} Ke4 {[%clk 01:11:18]} {[%emt
00:00:14]} 59. c8=Q {[%clk 00:16:53]} {[%emt 00:00:08]} Kf3 {[%clk 01:11:33]}
{[%emt 00:00:14]} 60. Kd6 {[%clk 00:16:39]} {[%emt 00:00:44]} Bg3+ {[%clk
01:11:24]} {[%emt 00:00:39]} 61. Kd5 {[%clk 00:16:11]} {[%emt 00:00:57]} Bf4
{[%clk 01:10:50]} {[%emt 00:01:04]} 62. Qg4+ {[%clk 00:16:26]} {[%emt
00:00:14]} Ke3 {[%clk 01:11:05]} {[%emt 00:00:16]} 63. h4 {[%clk 00:16:39]}
{[%emt 00:00:18]} Bb8 {[%clk 01:10:57]} {[%emt 00:00:37]} 64. h5 {[%clk
00:16:41]} {[%emt 00:00:28]} Bf4 {[%clk 01:10:56]} {[%emt 00:00:32]} 65. h6
{[%clk 00:16:34]} {[%emt 00:00:37]} Bxh6 {[%clk 01:11:21]} {[%emt 00:00:04]}
66. Qh3+ {[%clk 00:17:00]} {[%emt 00:00:04]} Kf4 {[%clk 01:11:52]} {[%emt
00:00:37]} 67. Qxh6+ {[%clk 00:17:44]} {[%emt 00:00:08]} Kf3 {[%clk 01:12:15]}
{[%emt 00:00:07]} 68. Qh4 {[%clk 00:18:00]} {[%emt 00:00:14]} Ke3 {[%clk
01:12:33]} {[%emt 00:00:12]} 69. Qe4+ {[%clk 00:18:16]} {[%emt 00:00:14]} Kd2
{[%clk 01:12:31]} {[%emt 00:00:32]} 70. Qf3 {[%clk 00:18:35]} {[%emt 00:00:10]}
Ke1 {[%clk 01:12:48]} {[%emt 00:00:13]} 71. Qg2 {[%clk 00:18:56]} {[%emt
00:00:09]} Kd1 {[%clk 01:13:08]} {[%emt 00:00:10]} 72. Kd4 {[%clk 00:19:18]}
{[%emt 00:00:08]} Kc1 {[%clk 01:13:34]} {[%emt 00:00:05]} 73. Kc3 {[%clk
00:19:40]} {[%emt 00:00:08]} Kd1 {[%clk 01:14:01]} {[%emt 00:00:03]} 74. Qd2#
{[%clk 00:19:33]} {[%emt 00:00:07]} 1-0

[Event "DVM U14 2023"]
[Site "Magdeburg GER"]
[Date "2023.12.30"]
[Round "7"]
[White "Marschall, Julian"]
[Black "Arne, Jonas"]
[Result "0-1"]
[Termination "normal"]
[Board "7.4"]
[WhiteElo "1324"]
[BlackElo "1530"]
[WhiteClock "00:49:52"]
[BlackClock "00:25:13"]
[WhiteTeam "SC Viernheim 1934"]
[BlackTeam "SG Kaiserslautern 1905"]
[PlyCount "120"]
[WhiteFideId "34608001"]
[BlackFideId "34640398"]
[EventCountry "GER"]
[EventRounds "7"]
[EventType "team-swiss"]
[EventDate "2023.12.26"]

1. c4 {[%clk 01:30:57]} {[%emt 00:00:02]} f5 {[%clk 01:30:56]} {[%emt
00:00:04]} 2. g3 {[%clk 01:31:15]} {[%emt 00:00:12]} d6 {[%clk 01:31:18]}
{[%emt 00:00:09]} 3. Bg2 {[%clk 01:31:25]} {[%emt 00:00:19]} e5 {[%clk
01:31:43]} {[%emt 00:00:06]} 4. Nc3 {[%clk 01:31:25]} {[%emt 00:00:29]} Nf6
{[%clk 01:31:55]} {[%emt 00:00:18]} 5. e3 {[%clk 01:30:31]} {[%emt 00:01:25]}
Be7 {[%clk 01:28:43]} {[%emt 00:03:41]} 6. Nge2 {[%clk 01:30:43]} {[%emt
00:00:18]} O-O {[%clk 01:28:51]} {[%emt 00:00:22]} 7. O-O {[%clk 01:30:59]}
{[%emt 00:00:13]} c6 {[%clk 01:27:42]} {[%emt 00:01:40]} 8. b3 {[%clk
01:30:15]} {[%emt 00:01:14]} Qe8 {[%clk 01:25:23]} {[%emt 00:02:49]} 9. Bb2
{[%clk 01:29:14]} {[%emt 00:01:31]} Be6 {[%clk 01:21:40]} {[%emt 00:04:14]} 10.
d3 {[%clk 01:27:38]} {[%emt 00:02:06]} Qg6 {[%clk 01:18:20]} {[%emt 00:04:31]}
11. f4 {[%clk 01:26:22]} {[%emt 00:01:05]} Nbd7 {[%clk 01:06:17]} {[%emt
00:12:33]} 12. e4 {[%clk 01:21:43]} {[%emt 00:05:09]} Nc5 {[%clk 00:56:20]}
{[%emt 00:10:28]} 13. exf5 {[%clk 01:20:29]} {[%emt 00:01:43]} Bxf5 {[%clk
00:54:53]} {[%emt 00:01:57]} 14. d4 {[%clk 01:18:23]} {[%emt 00:02:37]} Nd3
{[%clk 00:42:34]} {[%emt 00:12:48]} 15. Ba3 {[%clk 01:15:23]} {[%emt 00:03:29]}
Ng4 {[%clk 00:39:44]} {[%emt 00:03:20]} 16. Qd2 {[%clk 01:08:38]} {[%emt
00:07:16]} exf4 {[%clk 00:32:38]} {[%emt 00:07:35]} 17. Nxf4 {[%clk 01:08:35]}
{[%emt 00:00:34]} Nxf4 {[%clk 00:31:01]} {[%emt 00:02:07]} 18. Rxf4 {[%clk
01:08:13]} {[%emt 00:00:51]} Bg5 {[%clk 00:30:15]} {[%emt 00:01:17]} 19. h3
{[%clk 01:04:24]} {[%emt 00:04:19]} Bxf4 {[%clk 00:29:28]} {[%emt 00:01:17]}
20. Qxf4 {[%clk 01:03:51]} {[%emt 00:01:02]} Nh6 {[%clk 00:29:31]} {[%emt
00:00:29]} 21. Bxd6 {[%clk 01:02:14]} {[%emt 00:02:07]} Rfe8 {[%clk 00:27:54]}
{[%emt 00:02:07]} 22. d5 {[%clk 01:01:01]} {[%emt 00:01:43]} Bd7 {[%clk
00:22:32]} {[%emt 00:05:52]} 23. Rd1 {[%clk 00:58:10]} {[%emt 00:03:20]} Nf5
{[%clk 00:18:27]} {[%emt 00:04:35]} 24. Be4 {[%clk 00:53:00]} {[%emt 00:05:39]}
Qxd6 {[%clk 00:18:00]} {[%emt 00:00:59]} 25. Bxf5 {[%clk 00:52:17]} {[%emt
00:01:11]} Qxf4 {[%clk 00:18:11]} {[%emt 00:00:19]} 26. gxf4 {[%clk 00:52:33]}
{[%emt 00:00:13]} Bxf5 {[%clk 00:18:38]} {[%emt 00:00:04]} 27. dxc6 {[%clk
00:51:15]} {[%emt 00:01:47]} bxc6 {[%clk 00:18:55]} {[%emt 00:00:14]} 28. Rd6
{[%clk 00:51:18]} {[%emt 00:00:26]} Rac8 {[%clk 00:18:53]} {[%emt 00:00:33]}
29. Kh2 {[%clk 00:50:56]} {[%emt 00:00:51]} Re3 {[%clk 00:19:13]} {[%emt
00:00:11]} 30. Na4 {[%clk 00:50:39]} {[%emt 00:00:47]} Rxh3+ {[%clk 00:19:38]}
{[%emt 00:00:05]} 31. Kg2 {[%clk 00:50:49]} {[%emt 00:00:19]} Rd3 {[%clk
00:20:04]} {[%emt 00:00:03]} 32. Rxd3 {[%clk 00:50:01]} {[%emt 00:01:18]} Bxd3
{[%clk 00:20:30]} {[%emt 00:00:04]} 33. Nc5 {[%clk 00:50:02]} {[%emt 00:00:28]}
Bb1 {[%clk 00:20:50]} {[%emt 00:00:11]} 34. a3 {[%clk 00:50:11]} {[%emt
00:00:22]} Ba2 {[%clk 00:21:08]} {[%emt 00:00:12]} 35. Kg3 {[%clk 00:49:57]}
{[%emt 00:00:43]} Rb8 {[%clk 00:21:29]} {[%emt 00:00:10]} 36. b4 {[%clk
00:50:05]} {[%emt 00:00:22]} Bxc4 {[%clk 00:21:42]} {[%emt 00:00:17]} 37. Kf3
{[%clk 00:49:33]} {[%emt 00:01:02]} a5 {[%clk 00:20:35]} {[%emt 00:01:38]} 38.
bxa5 {[%clk 00:49:20]} {[%emt 00:00:42]} Ra8 {[%clk 00:20:44]} {[%emt
00:00:21]} 39. Nb7 {[%clk 00:49:27]} {[%emt 00:00:23]} Ra7 {[%clk 00:20:29]}
{[%emt 00:00:46]} 40. Nd6 {[%clk 00:49:29]} {[%emt 00:00:27]} Bd5+ {[%clk
00:20:54]} {[%emt 00:00:05]} 41. Kg4 {[%clk 00:48:59]} {[%emt 00:00:59]} Rxa5
{[%clk 00:21:19]} {[%emt 00:00:06]} 42. Kg5 {[%clk 00:48:57]} {[%emt 00:00:31]}
Rxa3 {[%clk 00:21:43]} {[%emt 00:00:06]} 43. f5 {[%clk 00:48:25]} {[%emt
00:01:01]} h6+ {[%clk 00:21:19]} {[%emt 00:00:56]} 44. Kg6 {[%clk 00:48:14]}
{[%emt 00:00:41]} Rg3+ {[%clk 00:21:20]} {[%emt 00:00:29]} 45. Kh5 {[%clk
00:48:04]} {[%emt 00:00:39]} Rg5+ {[%clk 00:21:47]} {[%emt 00:00:03]} 46. Kh4
{[%clk 00:48:15]} {[%emt 00:00:19]} c5 {[%clk 00:22:07]} {[%emt 00:00:11]} 47.
Kh3 {[%clk 00:48:18]} {[%emt 00:00:27]} c4 {[%clk 00:22:32]} {[%emt 00:00:05]}
48. Nxc4 {[%clk 00:48:29]} {[%emt 00:00:19]} Bxc4 {[%clk 00:22:57]} {[%emt
00:00:05]} 49. Kh2 {[%clk 00:48:43]} {[%emt 00:00:16]} Rxf5 {[%clk 00:23:19]}
{[%emt 00:00:09]} 50. Kg3 {[%clk 00:48:58]} {[%emt 00:00:14]} g5 {[%clk
00:23:35]} {[%emt 00:00:14]} 51. Kg4 {[%clk 00:48:55]} {[%emt 00:00:32]} Rf4+
{[%clk 00:24:01]} {[%emt 00:00:05]} 52. Kg3 {[%clk 00:48:48]} {[%emt 00:00:36]}
Bd5 {[%clk 00:24:21]} {[%emt 00:00:10]} 53. Kh3 {[%clk 00:48:46]} {[%emt
00:00:31]} h5 {[%clk 00:24:49]} {[%emt 00:00:03]} 54. Kg3 {[%clk 00:48:59]}
{[%emt 00:00:17]} h4+ {[%clk 00:25:11]} {[%emt 00:00:08]} 55. Kh3 {[%clk
00:49:23]} {[%emt 00:00:06]} Rd4 {[%clk 00:25:13]} {[%emt 00:00:29]} 56. Kh2
{[%clk 00:49:13]} {[%emt 00:00:39]} Rd3 {[%clk 00:24:01]} {[%emt 00:01:42]} 57.
Kg1 {[%clk 00:49:22]} {[%emt 00:00:20]} h3 {[%clk 00:24:09]} {[%emt 00:00:22]}
58. Kh2 {[%clk 00:49:35]} {[%emt 00:00:17]} g4 {[%clk 00:24:34]} {[%emt
00:00:06]} 59. Kg1 {[%clk 00:49:48]} {[%emt 00:00:16]} g3 {[%clk 00:24:53]}
{[%emt 00:00:11]} 60. Kf1 {[%clk 00:49:52]} {[%emt 00:00:26]} Bf3 {[%clk
00:25:13]} {[%emt 00:00:10]} 0-1

[Event "DVM U14 2023"]
[Site "Magdeburg GER"]
[Date "2023.12.30"]
[Round "7"]
[White "Melestean, Maxim"]
[Black "Marcziter, Alex"]
[Result "1-0"]
[Termination "normal"]
[Board "8.1"]
[WhiteElo "1625"]
[BlackElo "1843"]
[WhiteClock "00:03:47"]
[BlackClock "00:11:36"]
[WhiteTeam "SK König Plauen"]
[BlackTeam "SG Porz"]
[PlyCount "137"]
[WhiteFideId "16280393"]
[BlackFideId "16258126"]
[EventCountry "GER"]
[EventRounds "7"]
[EventType "team-swiss"]
[EventDate "2023.12.26"]

1. d4 {[%clk 01:30:58]} f5 {[%clk 01:30:42]} {[%emt 00:00:18]} 2. c4 {[%clk
01:31:24]} {[%emt 00:00:04]} Nf6 {[%clk 01:30:50]} {[%emt 00:00:21]} 3. Nf3
{[%clk 01:31:46]} {[%emt 00:00:09]} e6 {[%clk 01:30:53]} {[%emt 00:00:27]} 4.
g3 {[%clk 01:32:08]} {[%emt 00:00:08]} c6 {[%clk 01:30:32]} {[%emt 00:00:50]}
5. Bg2 {[%clk 01:32:32]} {[%emt 00:00:07]} d5 {[%clk 01:30:37]} {[%emt
00:00:25]} 6. b3 {[%clk 01:32:57]} {[%emt 00:00:06]} Bd6 {[%clk 01:29:41]}
{[%emt 00:01:25]} 7. O-O {[%clk 01:33:17]} {[%emt 00:00:10]} Qe7 {[%clk
01:28:19]} {[%emt 00:01:51]} 8. Bb2 {[%clk 01:33:30]} {[%emt 00:00:18]} O-O
{[%clk 01:27:11]} {[%emt 00:01:37]} 9. Ne5 {[%clk 01:29:38]} {[%emt 00:04:22]}
b6 {[%clk 01:24:27]} {[%emt 00:03:14]} 10. Nd2 {[%clk 01:29:32]} {[%emt
00:00:36]} Bb7 {[%clk 01:23:30]} {[%emt 00:01:26]} 11. e3 {[%clk 01:23:41]}
{[%emt 00:07:50]} Na6 {[%clk 01:14:21]} {[%emt 00:08:12]} 12. Rc1 {[%clk
01:21:20]} {[%emt 00:02:51]} Rac8 {[%clk 01:11:54]} {[%emt 00:02:56]} 13. Nd3
{[%clk 01:19:02]} {[%emt 00:02:48]} c5 {[%clk 01:10:17]} {[%emt 00:02:06]} 14.
Qe2 {[%clk 01:15:29]} {[%emt 00:04:04]} Rfd8 {[%clk 01:05:44]} {[%emt
00:05:02]} 15. Rc2 {[%clk 01:14:48]} {[%emt 00:01:12]} Bb8 {[%clk 00:51:03]}
{[%emt 00:15:09]} 16. dxc5 {[%clk 00:51:11]} {[%emt 00:24:08]} Nxc5 {[%clk
00:50:49]} {[%emt 00:00:44]} 17. Nxc5 {[%clk 00:49:19]} {[%emt 00:02:23]} bxc5
{[%clk 00:50:33]} {[%emt 00:00:45]} 18. Rd1 {[%clk 00:41:53]} {[%emt 00:07:57]}
d4 {[%clk 00:40:34]} {[%emt 00:10:30]} 19. exd4 {[%clk 00:40:14]} {[%emt
00:02:09]} cxd4 {[%clk 00:40:51]} {[%emt 00:00:13]} 20. Nf3 {[%clk 00:40:04]}
{[%emt 00:00:40]} d3 {[%emt 00:00:20]} 21. Rxd3 {[%clk 00:39:48]} {[%emt
00:00:45]} Rxd3 {[%clk 00:41:25]} {[%emt 00:00:07]} 22. Qxd3 {[%clk 00:40:16]}
{[%emt 00:00:01]} Be4 {[%clk 00:41:45]} {[%emt 00:00:09]} 23. Qc3 {[%clk
00:39:11]} {[%emt 00:01:36]} Bxc2 {[%clk 00:41:50]} {[%emt 00:00:25]} 24. Qxc2
{[%clk 00:39:40]} {[%emt 00:00:01]} Bd6 {[%clk 00:40:57]} {[%emt 00:01:23]} 25.
Nd4 {[%clk 00:38:50]} {[%emt 00:01:20]} Bc5 {[%clk 00:39:27]} {[%emt 00:02:00]}
26. h3 {[%clk 00:26:38]} {[%emt 00:12:43]} Qd7 {[%clk 00:39:07]} {[%emt
00:00:49]} 27. Qe2 {[%clk 00:19:43]} {[%emt 00:07:26]} Bxd4 {[%clk 00:35:05]}
{[%emt 00:04:32]} 28. Bxd4 {[%clk 00:20:11]} {[%emt 00:00:02]} Rd8 {[%clk
00:35:20]} {[%emt 00:00:14]} 29. Bc5 {[%clk 00:19:33]} {[%emt 00:01:09]} Qd1+
{[%clk 00:34:24]} {[%emt 00:01:26]} 30. Qxd1 {[%clk 00:20:01]} {[%emt
00:00:02]} Rxd1+ {[%clk 00:34:44]} {[%emt 00:00:10]} 31. Kh2 {[%clk 00:20:30]}
{[%emt 00:00:01]} Rd7 {[%clk 00:34:31]} {[%emt 00:00:42]} 32. b4 {[%clk
00:20:16]} {[%emt 00:00:45]} Rc7 {[%clk 00:34:30]} {[%emt 00:00:30]} 33. a3
{[%clk 00:16:25]} {[%emt 00:04:22]} a6 {[%clk 00:30:01]} {[%emt 00:04:59]} 34.
Bf1 {[%clk 00:13:52]} {[%emt 00:03:03]} Ne4 {[%clk 00:23:51]} {[%emt 00:06:40]}
35. Bb6 {[%clk 00:13:54]} {[%emt 00:00:29]} Rc6 {[%clk 00:15:57]} {[%emt
00:08:23]} 36. c5 {[%clk 00:13:55]} {[%emt 00:00:30]} a5 {[%clk 00:16:21]}
{[%emt 00:00:06]} 37. Bb5 {[%clk 00:13:49]} {[%emt 00:00:35]} Rc8 {[%clk
00:16:17]} {[%emt 00:00:34]} 38. Bd7 {[%clk 00:13:42]} {[%emt 00:00:37]} Rb8
{[%clk 00:16:28]} {[%emt 00:00:19]} 39. Bxe6+ {[%clk 00:12:23]} {[%emt
00:01:50]} Kf8 {[%clk 00:16:51]} {[%emt 00:00:06]} 40. Bxf5 {[%clk 00:12:04]}
{[%emt 00:00:49]} axb4 {[%clk 00:17:01]} {[%emt 00:00:20]} 41. Bxe4 {[%clk
00:03:06]} {[%emt 00:09:28]} bxa3 {[%clk 00:17:22]} {[%emt 00:00:08]} 42. c6
{[%clk 00:03:33]} {[%emt 00:00:04]} a2 {[%clk 00:16:53]} {[%emt 00:00:59]} 43.
c7 {[%clk 00:03:58]} {[%emt 00:00:05]} Rc8 {[%clk 00:16:34]} {[%emt 00:00:49]}
44. Bc5+ {[%clk 00:04:23]} {[%emt 00:00:05]} Kg8 {[%clk 00:15:58]} {[%emt
00:01:05]} 45. Bd5+ {[%clk 00:04:43]} {[%emt 00:00:11]} Kh8 {[%clk 00:16:23]}
{[%emt 00:00:05]} 46. Bxa2 {[%clk 00:05:09]} {[%emt 00:00:04]} Rxc7 {[%clk
00:16:42]} {[%emt 00:00:10]} 47. Be3 {[%clk 00:05:31]} {[%emt 00:00:08]} h6
{[%clk 00:16:48]} {[%emt 00:00:24]} 48. h4 {[%clk 00:05:09]} {[%emt 00:00:52]}
h5 {[%clk 00:16:37]} {[%emt 00:00:41]} 49. Bb1 {[%clk 00:05:15]} {[%emt
00:00:23]} Rc6 {[%clk 00:16:56]} {[%emt 00:00:11]} 50. Be4 {[%clk 00:05:09]}
{[%emt 00:00:37]} Ra6 {[%clk 00:16:40]} {[%emt 00:00:45]} 51. Kg2 {[%clk
00:05:08]} {[%emt 00:00:31]} g6 {[%clk 00:16:50]} {[%emt 00:00:19]} 52. Kf3
{[%clk 00:05:34]} {[%emt 00:00:05]} Kh7 {[%clk 00:16:51]} {[%emt 00:00:28]} 53.
Kf4 {[%clk 00:05:46]} {[%emt 00:00:18]} Ra5 {[%clk 00:16:59]} {[%emt 00:00:22]}
54. Bc6 {[%clk 00:04:44]} {[%emt 00:01:31]} Rf5+ {[%clk 00:16:07]} {[%emt
00:01:22]} 55. Ke4 {[%clk 00:04:34]} {[%emt 00:00:40]} Kg7 {[%clk 00:15:53]}
{[%emt 00:00:44]} 56. Bd4+ {[%clk 00:04:24]} {[%emt 00:00:39]} Kh7 {[%clk
00:16:04]} {[%emt 00:00:19]} 57. Bd5 {[%clk 00:04:34]} {[%emt 00:00:19]} Kh6
{[%clk 00:14:52]} {[%emt 00:01:43]} 58. Bc5 {[%clk 00:04:03]} {[%emt 00:01:00]}
Kg7 {[%clk 00:14:36]} {[%emt 00:00:47]} 59. f3 {[%clk 00:04:10]} {[%emt
00:00:25]} Kh7 {[%clk 00:14:43]} {[%emt 00:00:23]} 60. Be7 {[%clk 00:03:59]}
{[%emt 00:00:40]} Kg7 {[%clk 00:13:12]} {[%emt 00:02:01]} 61. Be6 {[%clk
00:03:24]} {[%emt 00:01:05]} Ra5 {[%clk 00:13:11]} {[%emt 00:00:32]} 62. Bd5
{[%clk 00:03:48]} {[%emt 00:00:06]} Ra1 {[%clk 00:13:20]} {[%emt 00:00:21]} 63.
Kf4 {[%clk 00:03:13]} {[%emt 00:01:07]} Re1 {[%clk 00:12:31]} {[%emt 00:01:17]}
64. Bd6 {[%clk 00:02:15]} {[%emt 00:01:28]} Kf6 {[%clk 00:12:25]} {[%emt
00:00:35]} 65. Be4 {[%clk 00:02:36]} {[%emt 00:00:10]} Rc1 {[%clk 00:10:40]}
{[%emt 00:02:15]} 66. Be5+ {[%clk 00:02:52]} {[%emt 00:00:15]} Kf7 {[%clk
00:11:00]} {[%emt 00:00:08]} 67. Kg5 {[%clk 00:03:10]} {[%emt 00:00:13]} Rc5
{[%clk 00:11:12]} {[%emt 00:00:17]} 68. Bxg6+ {[%clk 00:03:23]} {[%emt
00:00:18]} Ke6 {[%clk 00:11:36]} {[%emt 00:00:05]} 69. f4 {[%clk 00:03:47]}
{[%emt 00:00:06]} 1-0